[Event "GER-chT U16"]
[Site "Darmstadt"]
[Date "2022.12.28"]
[Round "3"]
[White "Kaiser, Jason"]
[Black "Deiters, Clemens"]
[Result "0-1"]
[WhiteElo "1345"]
[BlackElo "1343"]
[PlyCount "86"]
[EventDate "2022.12.26"]
[EventType "team-swiss"]
[EventRounds "7"]
[EventCountry "GER"]
[SourceTitle "CBM 212 Extra"]
[Source "ChessBase"]
[SourceDate "2023.03.31"]
[SourceVersion "1"]
[SourceVersionDate "2023.03.31"]
[SourceQuality "1"]
[WhiteTeam "Neuberg"]
[BlackTeam "Vaterstetten Grasbrunn"]
[WhiteTeamCountry "GER"]
[BlackTeamCountry "GER"]

1. e4 c5 2. Nc3 Nc6 3. Nf3 a6 4. g3 g6 5. Bg2 Bg7 6. d3 e6 7. Be3 b6 8. 0-0 Bb7 9. Re1 Nge7 10. Rb1 0-0 11. Qd2 d5 12. Bh6 b5 13. exd5 exd5 14. Bxg7 Kxg7 15. Ne5 Nd4 16. Ng4 Nef5 17. Ne2 Nxe2+ 18. Rxe2 Qc7 19. Rbe1 h5 20. Ne3 Ne7 21. d4 c4 22. Nd1 Nf5 23. Bh3 Bc8 24. Bxf5 Bxf5 25. Re7 Qc6 26. R7e5 Rfe8 27. f3 Rxe5 28. dxe5 Rd8 29. Ne3 Qb6 30. Kg2 Be6 31. c3 d4 32. Nc2 d3 33. Nd4 Bd5 34. Qg5 Kh7 35. e6 Bxe6 36. Nxe6 fxe6 37. Qe7+ Kh6 38. h4 Rg8 39. Rxe6 Qd8 40. Qc5 d2 41. Rd6 d1Q 42. Rxd1 Qxd1 43. Qg5+ Kh7 0-1

[Event "GER-chT U14"]
[Site "Willingen"]
[Date "2021.06.27"]
[Round "7.6"]
[White "Kaiser, Jason"]
[Black "Zimanovic, Leon Daniel"]
[Result "1-0"]
[WhiteElo "1479"]
[BlackElo "1386"]
[PlyCount "121"]
[EventDate "2021.06.23"]
[EventType "team-swiss"]
[EventRounds "7"]
[EventCountry "GER"]
[SourceTitle "EXT 2022"]
[Source "ChessBase"]
[SourceDate "2021.10.06"]
[SourceVersion "1"]
[SourceVersionDate "2021.10.06"]
[SourceQuality "1"]
[WhiteTeam "Neuberg"]
[BlackTeam "Ostfildern"]
[WhiteTeamCountry "GER"]
[BlackTeamCountry "GER"]

1. e4 e5 2. Nf3 Nc6 3. Bc4 Bc5 4. c3 Nf6 5. d3 h6 6. Be3 Bb6 7. h3 d6 8. Nbd2 Na5 9. Bb3 Nxb3 10. axb3 0-0 11. Bxb6 cxb6 12. 0-0 Be6 13. Re1 Nd7 14. Nc4 Qe7 15. d4 f6 16. d5 Bf7 17. Nh4 g6 18. Qg4 Kh7 19. Ne3 Rg8 20. c4 Nc5 21. Ra3 a6 22. b4 Nd7 23. g3 a5 24. Rea1 Qd8 25. Qf3 Ra6 26. b3 Qa8 27. Ng4 Kg7 28. Qe3 Rh8 29. Qd2 h5 30. Ne3 Qb8 31. bxa5 bxa5 32. Rxa5 Rxa5 33. Rxa5 Nc5 34. Qc2 b6 35. Ra1 Rc8 36. b4 Nb7 37. Qa4 Nd8 38. Qd7 Qc7 39. Ra7 Qb8 40. Ra1 Qc7 41. Qxc7 Rxc7 42. g4 Kh6 43. Nf3 hxg4 44. Nxg4+ Kg7 45. Nd2 f5 46. exf5 gxf5 47. Ne3 f4 48. Nf5+ Kg6 49. Nxd6 Nb7 50. Nxf7 Kxf7 51. Ra7 Ke7 52. Ne4 Kd7 53. c5 Kc8 54. Ra8+ Kd7 55. Nf6+ Ke7 56. d6+ Nxd6 57. cxd6+ Kxd6 58. Ne8+ Kd7 59. Nxc7 Kxc7 60. Ra1 Kc6 61. h4 1-0

[Event "GER-chT U14"]
[Site "Willingen"]
[Date "2021.06.25"]
[Round "3.2"]
[White "Ruddat, Jarne"]
[Black "Kaiser, Jason"]
[Result "0-1"]
[WhiteElo "1385"]
[BlackElo "1479"]
[PlyCount "154"]
[EventDate "2021.06.23"]
[EventType "team-swiss"]
[EventRounds "7"]
[EventCountry "GER"]
[SourceTitle "EXT 2022"]
[Source "ChessBase"]
[SourceDate "2021.10.06"]
[SourceVersion "1"]
[SourceVersionDate "2021.10.06"]
[SourceQuality "1"]
[WhiteTeam "Lichtenberg Borussia"]
[BlackTeam "Neuberg"]
[WhiteTeamCountry "GER"]
[BlackTeamCountry "GER"]

1. e4 d5 2. exd5 Qxd5 3. Nc3 Qa5 4. Bc4 Nf6 5. d3 c6 6. Nf3 Bg4 7. Bd2 Qh5 8. Qe2 Bxf3 9. gxf3 Nbd7 10. Bf4 0-0-0 11. 0-0-0 e6 12. Kb1 Nb6 13. Bb3 Bb4 14. Ne4 Nfd5 15. Bd2 Bxd2 16. Nxd2 a5 17. a3 Qh4 18. Rdg1 g6 19. Nc4 Nxc4 20. Bxc4 Rhe8 21. Rg4 Qe7 22. Qd2 b6 23. h4 Qf6 24. Qe2 h5 25. Re4 Qe7 26. c3 Qd6 27. Kc2 b5 28. Bxd5 cxd5 29. Re5 b4 30. axb4 axb4 31. Ra1 Re7 32. d4 Rc7 33. Qb5 Rb7 34. Ra8+ Rb8 35. Rxb8+ Qxb8 36. Qxb4 Qxb4 37. cxb4 Rd7 38. Kb3 Kb7 39. Re1 Rc7 40. f4 Rc4 41. Rd1 Kb6 42. f5 exf5 43. f3 Kb5 44. Rd3 Rxb4+ 45. Kc3 Rc4+ 46. Kd2 f4 47. b3 Rc7 48. Kd1 Kb4 49. Kd2 Ra7 50. Ke1 Ra2 51. Kf1 Rb2 52. Rd1 Kxb3 53. Re1 Rh2 54. Kg1 Rd2 55. Re7 Rxd4 56. Rxf7 Rc4 57. Rf6 d4 58. Rxf4 d3 59. Rf6 Rxh4 60. Rxg6 Rd4 61. Kh2 d2 62. Rg1 d1Q 63. Rxd1 Rxd1 64. Kg3 Kc4 65. f4 Kd5 66. Kh4 Rf1 67. Kxh5 Rxf4 68. Kg5 Ke5 69. Kg6 Rf1 70. Kg7 Ke6 71. Kg6 Rg1+ 72. Kh5 Kf5 73. Kh4 Rg8 74. Kh3 Kf4 75. Kh2 Kf3 76. Kh1 Kf2 77. Kh2 Rh8# 0-1

[Event "GER-chT U14"]
[Site "Willingen"]
[Date "2021.06.24"]
[Round "2.5"]
[White "Kaiser, Jason"]
[Black "Clauss, Annika"]
[Result "1-0"]
[WhiteElo "1479"]
[BlackElo "1133"]
[PlyCount "87"]
[EventDate "2021.06.23"]
[EventType "team-swiss"]
[EventRounds "7"]
[EventCountry "GER"]
[SourceTitle "EXT 2022"]
[Source "ChessBase"]
[SourceDate "2021.10.06"]
[SourceVersion "1"]
[SourceVersionDate "2021.10.06"]
[SourceQuality "1"]
[WhiteTeam "Neuberg"]
[BlackTeam "Muenster 32"]
[WhiteTeamCountry "GER"]
[BlackTeamCountry "GER"]

1. e4 e5 2. Nf3 Nc6 3. Bc4 Bc5 4. c3 Qf6 5. d3 h6 6. 0-0 Nge7 7. Be3 Bb6 8. Nbd2 d6 9. h3 g5 10. Nh2 Bd7 11. Bxb6 axb6 12. Ng4 Bxg4 13. Qxg4 Ng6 14. Rfe1 Nf4 15. Nf1 h5 16. Qf5 Qg7 17. g3 Ne7 18. Qxf7+ Qxf7 19. Bxf7+ Kxf7 20. gxf4 gxf4 21. f3 Rhg8+ 22. Kf2 Rg6 23. Nd2 Rag8 24. Rg1 h4 25. Rg4 c6 26. Nc4 b5 27. Nd2 Kf6 28. Rag1 Nc8 29. Rxg6+ Rxg6 30. Rg4 Rh6 31. d4 Rh7 32. Nb3 b6 33. Nc1 Ne7 34. Nd3 Ng6 35. Nb4 c5 36. dxe5+ Nxe5 37. Nd5+ Kf7 38. Rxf4+ Ke8 39. Nf6+ Kd8 40. Nxh7 Nd3+ 41. Ke3 Nxf4 42. Kxf4 Ke7 43. Kg4 Kf7 44. Kxh4 1-0